<?xml version="1.0" encoding="UTF-8"?>
<record
    xmlns:xsi="http://www.w3.org/2001/XMLSchema-instance"
    xsi:schemaLocation="http://www.loc.gov/MARC21/slim http://www.loc.gov/standards/marcxml/schema/MARC21slim.xsd"
    xmlns="http://www.loc.gov/MARC21/slim">

  <leader>00821nam a2200205 i 4500</leader>
  <controlfield tag="001">47599</controlfield>
  <controlfield tag="003">ES-MaACL</controlfield>
  <controlfield tag="005">20230906161609.0</controlfield>
  <controlfield tag="007">t|</controlfield>
  <controlfield tag="008">030507s1972    xxu          ||||1| eng d</controlfield>
  <datafield tag="080" ind1=" " ind2=" ">
    <subfield code="a">377:681.31"1972"(063)</subfield>
  </datafield>
  <datafield tag="080" ind1=" " ind2=" ">
    <subfield code="a">681.31(063)</subfield>
  </datafield>
  <datafield tag="111" ind1="2" ind2=" ">
    <subfield code="a">Conference on Computers in the Undergraduate Curricula (</subfield>
    <subfield code="d">1972.</subfield>
    <subfield code="c">Atlanta)</subfield>
    <subfield code="9">186</subfield>
  </datafield>
  <datafield tag="245" ind1="1" ind2="0">
    <subfield code="a">Proceedings of the 1972 Conference on Computers in Undergraduate Curricula</subfield>
    <subfield code="b">: june 12,13,14, 1972 Atlanta, Georgia.</subfield>
  </datafield>
  <datafield tag="260" ind1=" " ind2=" ">
    <subfield code="a">Atlanta : </subfield>
    <subfield code="b">Southern Regional Education Board, </subfield>
    <subfield code="c">[1972]</subfield>
  </datafield>
  <datafield tag="300" ind1=" " ind2=" ">
    <subfield code="a">XII, 590 p. : </subfield>
    <subfield code="b">il. ; </subfield>
    <subfield code="c">28 cm.</subfield>
  </datafield>
  <datafield tag="650" ind1="1" ind2="4">
    <subfield code="a">Inform&#xE1;ticos-</subfield>
    <subfield code="x">Formaci&#xF3;n profesional-</subfield>
    <subfield code="v">Congresos y asambleas.</subfield>
    <subfield code="9">13765</subfield>
  </datafield>
  <datafield tag="650" ind1="1" ind2="4">
    <subfield code="a">Inform&#xE1;tica-</subfield>
    <subfield code="x">Congresos y asambleas.</subfield>
    <subfield code="9">13761</subfield>
  </datafield>
  <datafield tag="852" ind1=" " ind2=" ">
    <subfield code="a">ES-MaACL</subfield>
    <subfield code="j">G-539 </subfield>
    <subfield code="z">. - Donat. Ernesto Garc&#xED;a Camarero</subfield>
  </datafield>
  <datafield tag="999" ind1=" " ind2=" ">
    <subfield code="c">47599</subfield>
    <subfield code="d">47599</subfield>
  </datafield>
  <datafield tag="952" ind1=" " ind2=" ">
    <subfield code="0">0</subfield>
    <subfield code="1">0</subfield>
    <subfield code="4">0</subfield>
    <subfield code="7">0</subfield>
    <subfield code="a">ATENEOM</subfield>
    <subfield code="b">ATENEOM</subfield>
    <subfield code="c">DEPO2</subfield>
    <subfield code="d">2008-01-17</subfield>
    <subfield code="e">SC</subfield>
    <subfield code="l">0</subfield>
    <subfield code="o">G-539</subfield>
    <subfield code="p">1050082</subfield>
    <subfield code="r">2023-02-23 00:00:00</subfield>
    <subfield code="w">2023-02-23</subfield>
    <subfield code="y">MONOGRAFIA</subfield>
  </datafield>
</record>
